1331 1446 1118 1634 1777 1121 1632 1941 1657 1818 1197 1438 1870 1339 1431 1332 1763 1425 1286 1677 1774 1532 1324 1391 1240 1584 1004 1307 1831 1686 1385 1023 1796 1028 1509 1145 1503 1688 1149 1809 1287 1826 1415 1166 1780 1508 1870 1312 1981 1748 1045 1772 1570 1376 1539 1108 1578 1118 1066 1238 1136 1010 1277 1672 1664 1748 1313 1258 1980 1603 1820 1345 1645 1390 1747 1557 1375 1889 1892 1912 1980 1264 1179 1175 1157 1678 1489 1374 1486 1845 1393 1115 1970 1420 1565 1416 1991 1837 1203 BCNSPRNW ULIB Ver.6.0+V

เปลี่ยนเป็นภาษาไทย

Change to English
 แสดงรายละเอียดบรรณานุกรม
  กลับหน้าหลัก

Brief Record : Get Marc (ISO 2709) : E-mail record : QR code < ปิดหน้าต่าง
LEADER : 00000nam 2200000uu 4500
001    13399114855
003     ULIB
008    020711s2546 th a 000 0 tha d
099    ^aวจ.WY155^bจ423ป
245    ^aประสบการณ์การดูแลตนเอง
260    ^a ^bม.ป.ท.,^c2546
945    ^p0^l0^i018353
999    ^aวรรณษา ชูชัยมงคล
รายการนี้ยังไม่มีแท็ก
คุณยังไม่ได้ล็อกอิน คุณสามารถมีกิจกรรมร่วมกับเว็บไซต์ได้ แต่ต้องล็อกอินก่อน ::
  ล็อกอิน

รายการสื่อสารสนเทศ

ลำดับที่ ประเภท เลขเรียก/บาร์โค้ด สถานที่ สถานะ
1. งานวิจัย
งานวิจัย
วจ.WY155 จ423ป ฉ.1 
  Barcode: 018353
ห้องสมุดวิทยาเขตสวรรค์ประชารักษ์
►วิจัย
บนชั้น

รายการใกล้เคียง
    ผู้แต่ง []

BibComment


ยังไม่เคยถูกคอมเมนท์

คอมเมนท์ทรัพยากรรายการนี้
  คอมเมนท์: ประสบการณ์การดูแ..


 Copyright 2026. Bcnsprnw @Library